[Event "Berlin-ch Seniors op 34th"]
[Site "Berlin"]
[Date "2018.02.07"]
[Round "8"]
[White "Geist, Wolfgang"]
[Black "Koeckeritz, Dieter"]
[Result "1/2-1/2"]
[WhiteElo "1388"]
[BlackElo "1663"]
[PlyCount "55"]
[EventDate "2018.01.30"]
[EventType "swiss"]
[EventRounds "9"]
[EventCountry "GER"]
[SourceTitle "EXT 2020"]
[Source "ChessBase"]
[SourceDate "2019.10.17"]
[SourceVersion "1"]
[SourceVersionDate "2019.10.17"]
[SourceQuality "1"]

1. d4 Nf6 2. Nf3 d5 3. g3 g6 4. Bg2 Bg7 5. c3 0-0 6. 0-0 c6 7. Nbd2 Nbd7 8. Re1 Re8 9. e4 dxe4 10. Nxe4 Nxe4 11. Rxe4 Nf6 12. Re1 Bg4 13. h3 Be6 14. Ng5 Bd7 15. Ne4 Qa5 16. Nc5 Qb6 17. Nxd7 Nxd7 18. Qc2 e5 19. Bd2 exd4 20. Rxe8+ Rxe8 21. Re1 Rxe1+ 22. Bxe1 dxc3 23. Bxc3 Qc5 24. Qd2 Bxc3 25. bxc3 Qe7 26. Qd4 Nb6 27. Qf4 Qd8 28. Qe4 1/2-1/2

[Event "Berlin-ch Seniors op 34th"]
[Site "Berlin"]
[Date "2018.02.05"]
[Round "6"]
[White "Koeckeritz, Dieter"]
[Black "Sommer, Werner1111"]
[Result "1/2-1/2"]
[WhiteElo "1663"]
[BlackElo "1378"]
[PlyCount "74"]
[EventDate "2018.01.30"]
[EventType "swiss"]
[EventRounds "9"]
[EventCountry "GER"]
[SourceTitle "EXT 2020"]
[Source "ChessBase"]
[SourceDate "2019.10.17"]
[SourceVersion "1"]
[SourceVersionDate "2019.10.17"]
[SourceQuality "1"]

1. e4 e5 2. Nf3 Nc6 3. Bc4 Nd4 4. 0-0 Qf6 5. Nxd4 exd4 6. e5 Qc6 7. d3 Ne7 8. Nd2 Nf5 9. Nf3 Be7 10. e6 dxe6 11. Bf4 Bd6 12. Qd2 b5 13. Bb3 Bb7 14. a4 a6 15. axb5 axb5 16. Bxd6 cxd6 17. c3 0-0 18. Rac1 Qb6 19. Qf4 dxc3 20. Rxc3 Rfc8 21. Rfc1 Rxc3 22. bxc3 Qc6 23. Ne1 Ra3 24. Qb4 Ra8 25. Bd1 d5 26. Rb1 g5 27. Bf3 Nh4 28. Qe7 Nxf3+ 29. Nxf3 Re8 30. Qxg5+ Kf8 31. Qh6+ Ke7 32. Qh4+ f6 33. Qxh7+ Kd8 34. c4 dxc4 35. dxc4 Ba6 36. Rd1+ Kc8 37. cxb5 Bxb5 1/2-1/2

[Event "Berlin Lieb Memorial 3rd"]
[Site "Berlin"]
[Date "2017.05.11"]
[Round "1"]
[White "Boettcher, Patrick"]
[Black "Koeckeritz, Dieter"]
[Result "1-0"]
[WhiteElo "2115"]
[BlackElo "1638"]
[PlyCount "87"]
[EventDate "2017.05.11"]
[EventType "swiss"]
[EventRounds "7"]
[EventCountry "GER"]
[SourceTitle "CBM 189 Extra"]
[Source "ChessBase"]
[SourceDate "2019.06.03"]
[SourceVersion "1"]
[SourceVersionDate "2019.06.03"]
[SourceQuality "1"]

1. d4 b6 2. c4 e6 3. Nc3 Bb7 4. a3 Nf6 5. Nf3 d5 6. cxd5 exd5 7. Qa4+ Bc6 8. Qc2 Be7 9. g3 0-0 10. Bg2 Bb7 11. 0-0 c6 12. Bf4 Nbd7 13. b4 Rc8 14. Qb3 Ne4 15. Nxe4 dxe4 16. Ne5 Nf6 17. Rfd1 Qd5 18. Qc2 h6 19. Rac1 g5 20. Be3 Bd8 21. Qb1 Re8 22. h3 Bc7 23. Nc4 Nd7 24. Qc2 f5 25. Ne5 Nf6 26. Qb2 Qe6 27. Bd2 Nd5 28. Qb3 Kg7 29. e3 Bxe5 30. dxe5 Kg6 31. Bc3 h5 32. Bb2 Ba6 33. Qa4 Be2 34. Rd2 Bf3 35. Bxf3 exf3 36. Kh2 Re7 37. Qd1 Rec7 38. b5 Rd7 39. bxc6 Rxc6 40. Rxc6 Qxc6 41. Qxf3 g4 42. Qe2 Nf4 43. exf4 gxh3 44. f3 1-0

[Event "Berlin-ch Seniors op 32nd"]
[Site "Berlin"]
[Date "2016.02.01"]
[Round "6"]
[White "Gnass, Erhard"]
[Black "Koeckeritz, Dieter"]
[Result "0-1"]
[WhiteElo "1539"]
[BlackElo "1676"]
[PlyCount "86"]
[EventDate "2016.01.26"]
[EventType "swiss"]
[EventRounds "9"]
[EventCountry "GER"]
[SourceTitle "EXT 2019"]
[Source "ChessBase"]
[SourceDate "2018.10.10"]
[SourceVersion "1"]
[SourceVersionDate "2018.10.10"]
[SourceQuality "1"]

1. Nf3 d5 2. c4 dxc4 3. Qa4+ c6 4. Qxc4 Nf6 5. Ng5 e6 6. g3 Be7 7. Nf3 Nbd7 8. Bg2 0-0 9. 0-0 Qc7 10. Qc2 Re8 11. Nc3 a6 12. d3 e5 13. e4 Nf8 14. h3 Ng6 15. Be3 b5 16. Kh2 h6 17. Ne2 Bb7 18. Bc5 Bxc5 19. Qxc5 Nd7 20. Qc2 c5 21. Nfg1 Rac8 22. Qd2 Ndf8 23. Qe3 Qc6 24. f3 Qc7 25. Rac1 Ne6 26. b3 Qe7 27. Nc3 Qd8 28. Nd5 Bxd5 29. exd5 Nd4 30. Qd2 Qd6 31. Ne2 Ne7 32. Nxd4 exd4 33. b4 cxb4 34. Rxc8 Rxc8 35. Rc1 Rc3 36. Re1 Nxd5 37. Re8+ Kh7 38. Qe2 Ne3 39. f4 Rc2 40. Qf3 Rxg2+ 41. Kh1 Rxa2 42. Qe4+ g6 43. Qa8 Qd5+ 0-1

[Event "Berlin-ch Seniors op 26th"]
[Site "Berlin"]
[Date "2010.02.09"]
[Round "1"]
[White "Zum Winkel, Wolfgang"]
[Black "Koeckeritz, Dieter"]
[Result "1-0"]
[WhiteElo "1817"]
[BlackElo "1531"]
[PlyCount "88"]
[EventDate "2010.02.09"]
[EventType "swiss"]
[EventRounds "9"]
[EventCountry "GER"]
[SourceTitle "EXT 2012"]
[Source "ChessBase"]
[SourceDate "2011.11.24"]
[SourceVersion "1"]
[SourceVersionDate "2011.11.24"]
[SourceQuality "1"]

1. e4 c5 2. Nf3 e6 3. d4 cxd4 4. Nxd4 a6 5. g3 Nc6 6. Bg2 Bc5 7. c3 Qb6 8. Nd2 Nf6 9. N2b3 Be7 10. Be3 Qc7 11. 0-0 0-0 12. f4 d6 13. a4 e5 14. Nf5 Bxf5 15. exf5 Rad8 16. a5 Qc8 17. Bb6 e4 18. Bxd8 Rxd8 19. g4 d5 20. g5 Qxf5 21. gxf6 Qxf6 22. Kh1 Qe6 23. Qe2 f5 24. Rad1 Bf8 25. Nd4 Nxd4 26. Rxd4 Bc5 27. Rd2 Qf6 28. Rfd1 d4 29. Qc4+ Kh8 30. Qxc5 d3 31. Qe3 h6 32. Rg1 Rd6 33. Bf1 Qd8 34. Qg3 Rd7 35. Qg6 Qf8 36. Bh3 Rf7 37. Qe6 Rf6 38. Qe5 Qf7 39. Bxf5 Rxf5 40. Qxe4 Rxf4 41. Qxd3 Rf3 42. Qg6 Qe7 43. Rd8+ Rf8 44. Rxf8+ Qxf8 1-0

[Event "Berlin-ch Seniors op 24th"]
[Site "Berlin"]
[Date "2008.02.28"]
[Round "8"]
[White "Koeckeritz, Dieter"]
[Black "Kujawa, Werner"]
[Result "1/2-1/2"]
[WhiteElo "1607"]
[BlackElo "1699"]
[PlyCount "61"]
[EventDate "2008.02.21"]
[EventType "swiss"]
[EventRounds "9"]
[EventCountry "GER"]
[SourceTitle "EXT 2022"]
[Source "ChessBase"]
[SourceDate "2021.10.06"]
[SourceVersion "1"]
[SourceVersionDate "2021.10.06"]
[SourceQuality "1"]

1. d4 Nf6 2. Bf4 g6 3. e3 Bg7 4. Be2 d6 5. Nf3 c6 6. Nbd2 Qa5 7. 0-0 0-0 8. e4 Nh5 9. Nb3 Qc7 10. Be3 e5 11. c3 a5 12. Ne1 a4 13. Nd2 Nf4 14. Bf3 b6 15. Bxf4 exf4 16. Nc2 Bd7 17. Re1 Na6 18. d5 cxd5 19. exd5 Rae8 20. Nd4 Bxd4 21. cxd4 Rxe1+ 22. Qxe1 Qc2 23. Ne4 f5 24. Nxd6 Qxb2 25. Rd1 Qxa2 26. Qe7 Nb8 27. h4 a3 28. h5 gxh5 29. Bxh5 Qxd5 30. Qg5+ Kh8 31. Qe7 1/2-1/2

[Event "Berlin-ch Seniors op 24th"]
[Site "Berlin"]
[Date "2008.02.21"]
[Round "1"]
[White "Koeckeritz, Dieter"]
[Black "Hoppensack, Manfred"]
[Result "0-1"]
[WhiteElo "1607"]
[BlackElo "1899"]
[PlyCount "49"]
[EventDate "2008.02.21"]
[EventType "swiss"]
[EventRounds "9"]
[EventCountry "GER"]
[SourceTitle "EXT 2022"]
[Source "ChessBase"]
[SourceDate "2021.10.06"]
[SourceVersion "1"]
[SourceVersionDate "2021.10.06"]
[SourceQuality "1"]

1. d4 Nf6 2. Bf4 e6 3. e3 Be7 4. Bd3 0-0 5. h3 b6 6. Ne2 Bb7 7. 0-0 d6 8. c4 Nbd7 9. Nbc3 e5 10. dxe5 Nxe5 11. Bc2 Nxc4 12. b3 Ne5 13. Qb1 Ng6 14. Bg3 Nh5 15. Qe1 Bf6 16. Rc1 Nxg3 17. fxg3 Qe8 18. e4 c6 19. Bb1 Ba6 20. Rxf6 gxf6 21. Nd4 Qe5 22. Nf5 Bc8 23. Nh6+ Kg7 24. Qe3 Qc5 25. Nd1 0-1

[Event "Berlin-ch Seniors op 23rd"]
[Site "Berlin"]
[Date "2007.02.05"]
[Round "1"]
[White "Koeckeritz, Dieter"]
[Black "Hoppe, Rainer"]
[Result "1/2-1/2"]
[WhiteElo "1541"]
[BlackElo "1806"]
[PlyCount "71"]
[EventDate "2007.02.05"]
[EventType "swiss"]
[EventRounds "9"]
[EventCountry "GER"]
[SourceTitle "EXT 2022"]
[Source "ChessBase"]
[SourceDate "2021.10.06"]
[SourceVersion "1"]
[SourceVersionDate "2021.10.06"]
[SourceQuality "1"]

1. Nf3 Nf6 2. g3 g6 3. Bg2 Bg7 4. 0-0 0-0 5. d3 d5 6. Nbd2 c6 7. e4 dxe4 8. Nxe4 Bg4 9. h3 Bxf3 10. Bxf3 Qc7 11. Rb1 e5 12. Be3 Nbd7 13. Qc1 Rfe8 14. Re1 Nd5 15. Bh6 Bh8 16. Nc3 Nxc3 17. bxc3 Rab8 18. Qe3 b6 19. d4 e4 20. Bf4 Qb7 21. Bxb8 Qxb8 22. Bg2 f5 23. Bf1 Bg7 24. f4 Nf6 25. Re2 Nd5 26. Qd2 c5 27. Rg2 Nxc3 28. Bc4+ Kf8 29. Rb3 Bxd4+ 30. Kh2 Nxa2 31. c3 Nxc3 32. Rxc3 b5 33. Rb3 b4 34. Qa2 Qc7 35. Qa6 Qe7 36. g4 1/2-1/2